00650cam a22002173a 45000010005000000030006000050050017000110080041000280400015000690420007000840500007000911000050000982450106001482600029002545060030002835160020003136530018003336530012003518300028003638560041003915630PGUSA20140828083122.0040501s2004||||xxu|||||s|||||000 | eng d aPGUSAbeng adc 4aBX1 aTalmage, James E.q(James Edward),d1862-193314aThe Story of "Mormonism" and The Philosophy of "Mormonism"h[electronic resource] /cJames E. Talmage bProject Gutenberg,c2004 aPublic domain in the USA. aElectronic text aMormon Church aMormons 0aProject Gutenbergv563040uhttp://www.gutenberg.org/ebooks/5630